| 000 | 00362nam a2200121Ia 4500 | ||
|---|---|---|---|
| 008 | 231129s9999||||xx |||||||||||||| ||spa|| | ||
| 020 | _a978-958-46-9937-4 | ||
| 082 | _aCo861 R541o | ||
| 100 | _aRico Acevedo Belarmina. | ||
| 245 | 0 | _aOigo tus pasos que nunca llegan | |
| 264 | _aPereira : Klepsidra Editores | ||
| 942 |
_2ddc _cBKS |
||
| 999 |
_c22071 _d22071 |
||